| 000 | 00858nam a22002177a 4500 | ||
|---|---|---|---|
| 999 |
_c167 _d167 |
||
| 003 | AR-CdUCM | ||
| 008 | 190222b ||||| |||| 00| 0 spa d | ||
| 040 |
_aMUNICIPALIDAD PROVINCIAL DEL CUSCO _cBIBLIOTECA MUNICIPAL DEL CUSCO |
||
| 082 |
_a255.5 / _bR93 |
||
| 100 |
_aRuiz de Montoya, António _9780 |
||
| 245 |
_aSílex del divino amor / _cRuiz de Montoya, António ; Rouillon Arróspide, José Luis |
||
| 260 |
_aLima - Perú : _bFondo Editorial de la Pontificia Universidad Católica del Perú, _c1991. |
||
| 300 |
_a293 páginas ; _c20 cm. |
||
| 505 | _aSílex del divino amor -- Crítica e interpretación -- Misticismo -- Obras anteriores a 1800 ... | ||
| 650 |
_aMisticismo. _9781 |
||
| 650 |
_aFelípe IV. _9782 |
||
| 650 |
_aDios - Amor. _9783 |
||
| 700 |
_aRouillon Arróspide, José Luis _9784 |
||
| 942 |
_2ddc _cLIBROS |
||
| 945 |
_aachl _d2019-02-22 |
||